| 000 | 00973nam a22002535a 4500 | ||
|---|---|---|---|
| 003 | OSt | ||
| 005 | 20170313112357.0 | ||
| 008 | 160922s2010 ua frb 000 0 ara d | ||
| 015 | _22010 / 11711 | ||
| 020 | _a9111790501 | ||
| 040 |
_aEG-ScBUE _bara _cEG-ScBUE _dEG-ScBUE |
||
| 082 | 0 | 4 |
_a344.046343 _bش ي و _222 |
| 100 | 1 | _aشيوي، عبد السلام منصور. | |
| 245 | 1 | 2 |
_aالحماية الدولية للبيئة المائية من التلوث / _cعبد السلام منصور الشيوي. |
| 260 |
_aالقاهرة : _bدار النهضه العربية، _c2010. |
||
| 300 |
_a122 ص. ؛ _c24 سم. |
||
| 504 | _aيشتمل على إرجاعات ببليوجرافية. | ||
| 650 | 7 |
_aحماية البيئة (قانون دولي) _2BUEsh |
|
| 650 | 7 |
_aالبيئة البحرية (قانون دولي) _2BUEsh |
|
| 650 | 7 |
_aالمياه _xتلوث (قانون دولي) _2BUEsh |
|
| 651 | _2BUEsh | ||
| 653 |
_bLLAAWW _cMarch2017 |
||
| 942 | _2ddc | ||
| 999 |
_c24390 _d24362 |
||